[Event "AUT-ch Vor2 Internet"]
[Site "Playchess.com INT"]
[Date "2020.04.13"]
[Round "3"]
[White "Mittelbach, Eduard"]
[Black "Kapferer, Romed"]
[Result "0-1"]
[WhiteElo "1667"]
[BlackElo "2081"]
[PlyCount "48"]
[EventDate "2020.04.13"]
[EventType "swiss (blitz)"]
[EventRounds "9"]
[EventCountry "AUT"]
[SourceTitle "CBM 195 Extra"]
[Source "ChessBase"]
[SourceDate "2020.05.31"]
[SourceVersion "1"]
[SourceVersionDate "2020.05.31"]
[SourceQuality "1"]

1. e4 c6 2. d4 d5 3. Nc3 dxe4 4. Nxe4 Nf6 5. Nxf6+ gxf6 6. Bf4 Bf5 7. Bd3 Bg6 8. Ne2 e6 9. 0-0 Bd6 10. Bxd6 Qxd6 11. c3 Nd7 12. Ng3 0-0-0 13. Ne4 Qc7 14. Qe2 h5 15. b4 Kb8 16. a4 Nb6 17. Nxf6 Qe7 18. Ne4 Nd5 19. Qd2 Qc7 20. b5 cxb5 21. axb5 Bxe4 22. Bxe4 Qxc3 23. Qa2 Qxd4 24. Qxa7+ Qxa7 0-1

[Event "AUT-ch Vor1 Internet"]
[Site "Playchess.com INT"]
[Date "2020.04.11"]
[Round "9"]
[White "Kapferer, Romed"]
[Black "Maierhofer, Johann"]
[Result "1/2-1/2"]
[WhiteElo "2081"]
[BlackElo "2087"]
[PlyCount "181"]
[EventDate "2020.04.11"]
[EventType "swiss (blitz)"]
[EventRounds "9"]
[EventCountry "AUT"]
[SourceTitle "CBM 195 Extra"]
[Source "ChessBase"]
[SourceDate "2020.05.31"]
[SourceVersion "1"]
[SourceVersionDate "2020.05.31"]
[SourceQuality "1"]

1. e4 e6 2. d4 d5 3. Nc3 dxe4 4. Nxe4 Bd7 5. Nf3 Bc6 6. Bd3 Nd7 7. 0-0 Ngf6 8. Ng3 Be7 9. Re1 0-0 10. c3 Re8 11. Bg5 Bxf3 12. Qxf3 c6 13. Rad1 Nf8 14. Bxf6 Bxf6 15. Ne4 Be7 16. Qh5 Ng6 17. Bc2 Qd5 18. Qxd5 cxd5 19. Ng3 Bd6 20. Nh5 b5 21. Bd3 a6 22. Bxg6 hxg6 23. Ng3 Rec8 24. Rc1 a5 25. Ne2 b4 26. b3 bxc3 27. Rxc3 Rxc3 28. Nxc3 Bb4 29. Rc1 Rc8 30. Ne2 Rxc1+ 31. Nxc1 Kf8 32. Kf1 Ke7 33. Ke2 Kd6 34. Kd3 Be1 35. f3 Bb4 36. Ne2 f6 37. Nf4 g5 38. Nh3 Kc6 39. Nf2 Kb5 40. Ng4 Bd6 41. h3 Kb4 42. Kc2 Ka3 43. Kb1 Bf4 44. Nf2 Be3 45. Nd3 Bxd4 46. Ne1 Kb4 47. Kc2 e5 48. g4 Kb5 49. a3 Bc5 50. Kb2 Bd4+ 51. Kc2 Kc5 52. Nd3+ Kd6 53. Nc1 Bc5 54. Kb2 e4 55. fxe4 dxe4 56. Ne2 Ke5 57. a4 e3 58. Kc3 Ke4 59. Kc4 Bb4 60. Nd4 Kf4 61. Kd3 Bd2 62. Ke2 Kg3 63. Nf5+ Kxh3 64. Nxe3 Bxe3 65. Kxe3 Kxg4 66. b4 axb4 67. a5 b3 68. Kd2 Kf3 69. a6 g4 70. a7 g3 71. a8Q+ Kf2 72. Kc3 g2 73. Qa7+ Kf1 74. Qa1+ Kf2 75. Qb2+ Kg3 76. Qc1 Kh2 77. Qd2 Kh1 78. Qd5 f5 79. Kd2 b2 80. Kc2 f4 81. Kxb2 g5 82. Kc2 g4 83. Qh5+ Kg1 84. Kd2 f3 85. Qc5+ f2 86. Ke2 g3 87. Qd4 Kh2 88. Qh4+ Kg1 89. Qd4 Kh1 90. Qh4+ Kg1 91. Qd4 1/2-1/2

[Event "GER-ch Net blitz qual2"]
[Site "Playchess.com INT"]
[Date "2020.03.16"]
[Round "4"]
[White "Kapferer, Romed"]
[Black "Dauner, Benedikt"]
[Result "0-1"]
[WhiteElo "2081"]
[BlackElo "2133"]
[PlyCount "48"]
[EventDate "2020.03.16"]
[EventType "swiss (blitz)"]
[EventRounds "9"]
[EventCountry "GER"]
[SourceTitle "CBM 195 Extra"]
[Source "ChessBase"]
[SourceDate "2020.05.31"]
[SourceVersion "1"]
[SourceVersionDate "2020.05.31"]
[SourceQuality "1"]

1. e4 e5 2. Nf3 d5 3. Nxe5 Bd6 4. d4 dxe4 5. Nc4 Nf6 6. Nc3 0-0 7. Be2 Nc6 8. Bg5 Bb4 9. a3 Be7 10. Be3 Bf5 11. h3 Qd7 12. Qd2 Rad8 13. Rd1 Bg6 14. 0-0 Nd5 15. Nxd5 Qxd5 16. b4 Kh8 17. Qc3 f5 18. Ne5 f4 19. Bc4 Qd6 20. Nxg6+ Qxg6 21. Bc1 f3 22. g3 Bf6 23. b5 Bxd4 24. Qb3 Qxg3+ 0-1

[Event "GER-ch Net blitz qual2"]
[Site "Playchess.com INT"]
[Date "2020.03.16"]
[Round "2"]
[White "Kornitzky, Tino"]
[Black "Kapferer, Romed"]
[Result "1-0"]
[WhiteElo "2137"]
[BlackElo "2081"]
[PlyCount "95"]
[EventDate "2020.03.16"]
[EventType "swiss (blitz)"]
[EventRounds "9"]
[EventCountry "GER"]
[SourceTitle "CBM 195 Extra"]
[Source "ChessBase"]
[SourceDate "2020.05.31"]
[SourceVersion "1"]
[SourceVersionDate "2020.05.31"]
[SourceQuality "1"]

1. d4 f5 2. g3 Nf6 3. Bg2 e6 4. b3 d5 5. Bb2 Bd6 6. Nf3 Qe7 7. 0-0 0-0 8. c4 c6 9. a3 Nbd7 10. b4 Ne4 11. Nbd2 Ndf6 12. b5 Nxd2 13. Nxd2 Bd7 14. a4 Ne4 15. bxc6 bxc6 16. cxd5 exd5 17. Nf3 Rab8 18. Qc2 Rfc8 19. Ne5 Bxe5 20. dxe5 Qb4 21. Rfb1 Qb3 22. Bxe4 fxe4 23. Qd2 Qc4 24. e6 Bxe6 25. Be5 Rxb1+ 26. Rxb1 e3 27. Qxe3 Qe4 28. Qxe4 dxe4 29. Rb7 Bf7 30. Rxa7 c5 31. Bc3 h6 32. Rb7 Ra8 33. a5 Kf8 34. Rc7 c4 35. f3 exf3 36. exf3 Ke8 37. Kf2 g6 38. Ke3 h5 39. Kd4 Be6 40. Kc5 Ra6 41. Kb5 Rd6 42. a6 Bd7+ 43. Rxd7 Rxd7 44. Kb6 Rd6+ 45. Kb7 Rd7+ 46. Kc6 Ra7 47. Kb6 Rc7 48. Kxc7 1-0

[Event "GER-ch Net blitz qual2"]
[Site "Playchess.com INT"]
[Date "2020.03.16"]
[Round "8"]
[White "Mueller, Wolfgang2"]
[Black "Kapferer, Romed"]
[Result "0-1"]
[WhiteElo "1823"]
[BlackElo "2081"]
[PlyCount "112"]
[EventDate "2020.03.16"]
[EventType "swiss (blitz)"]
[EventRounds "9"]
[EventCountry "GER"]
[SourceTitle "CBM 195 Extra"]
[Source "ChessBase"]
[SourceDate "2020.05.31"]
[SourceVersion "1"]
[SourceVersionDate "2020.05.31"]
[SourceQuality "1"]

1. e4 c6 2. d4 d5 3. Nc3 dxe4 4. Nxe4 Nf6 5. Nxf6+ gxf6 6. Nf3 Bg4 7. Be2 Qc7 8. Be3 e6 9. Qd2 Bd6 10. 0-0-0 Nd7 11. h3 Bh5 12. g4 Bg6 13. h4 0-0-0 14. h5 Be4 15. Kb1 Nb6 16. Ka1 Bd5 17. c4 Nxc4 18. Bxc4 Bxc4 19. Rc1 Bd5 20. Rh3 Qb6 21. Ne1 Qa6 22. b3 Kb8 23. Nd3 Ba3 24. Rb1 Rhg8 25. f3 Bd6 26. Nb4 Bxb4 27. Qxb4 Qd3 28. Qd2 Qb5 29. Bf4+ Ka8 30. Qc3 Rd7 31. Rh2 Rgd8 32. g5 f5 33. Be5 Rc8 34. f4 b6 35. Rc2 Be4 36. Rg1 Bxc2 37. Qxc2 c5 38. h6 Kb7 39. Qg2+ Qc6 40. Qf2 cxd4 41. Bxd4 Qd5 42. Bb2 Qe4 43. Re1 Qc2 44. Qf3+ Qc6 45. Qxc6+ Kxc6 46. g6 fxg6 47. Rxe6+ Kb7 48. Re1 Rcc7 49. Be5 Rc6 50. Kb2 a5 51. a4 Rc8 52. Bf6 Rdc7 53. Re6 Rc6 54. Re7+ R8c7 55. Rg7 Rxf6 56. Rxh7 Rxh7 0-1

[Event "Budapest FS05 FM-A"]
[Site "Budapest"]
[Date "2010.05.02"]
[Round "2"]
[White "Kapferer, Romed"]
[Black "Zilahi, Gabor"]
[Result "1-0"]
[WhiteElo "2085"]
[BlackElo "1959"]
[PlyCount "42"]
[EventDate "2010.05.01"]
[EventType "tourn"]
[EventRounds "11"]
[EventCountry "HUN"]
[SourceTitle "CBM 136 Extra"]
[Source "ChessBase"]
[SourceDate "2010.07.02"]
[SourceVersion "2"]
[SourceVersionDate "2010.07.15"]
[SourceQuality "1"]

1. e4 c6 2. d4 d5 3. f3 e6 4. Nc3 Bb4 5. Bf4 dxe4 6. fxe4 Nf6 7. Qd3 b6 8. Nge2 Ba6 9. Qe3 Nbd7 10. 0-0-0 Bb7 11. g4 0-0 12. Bh3 Qc8 13. Kb1 Re8 14. Rhf1 c5 15. g5 Nh5 16. Nb5 cxd4 17. Qxd4 Nxf4 18. Rxf4 Qc5 19. Qxd7 Bc6 20. Qxf7+ Kh8 21. Nd6 Rg8 1-0

[Event "Budapest FS05 FM-A"]
[Site "Budapest"]
[Date "2009.05.09"]
[Round "8"]
[White "Heyl, Thomas"]
[Black "Kapferer, Romed"]
[Result "1/2-1/2"]
[WhiteElo "2051"]
[BlackElo "2044"]
[PlyCount "46"]
[EventDate "2009.05.02"]
[EventType "tourn"]
[EventRounds "9"]
[EventCountry "HUN"]
[SourceTitle "CBM 130 Extra"]
[Source "ChessBase"]
[SourceDate "2009.07.02"]
[SourceVersion "2"]
[SourceVersionDate "2009.07.15"]
[SourceQuality "1"]

1. d4 f5 2. Nc3 Nf6 3. Bg5 c6 4. Nf3 Ne4 5. h4 Qb6 6. Rb1 d6 7. Qd3 Qa5 8. b4 Qa6 9. Qxa6 Nxa6 10. Nxe4 fxe4 11. Nd2 h6 12. Be3 d5 13. f3 e5 14. a3 Bd6 15. fxe4 0-0 16. exd5 cxd5 17. dxe5 Bxe5 18. Nf3 Bd6 19. Bd4 Bf5 20. Rb2 Rfc8 21. Kd2 Nc7 22. e3 Be4 23. Bd3 Ne6 1/2-1/2

[Event "Budapest FS05 FM-A"]
[Site "Budapest"]
[Date "2009.05.08"]
[Round "6"]
[White "Katona, Jozsef3"]
[Black "Kapferer, Romed"]
[Result "0-1"]
[WhiteElo "1951"]
[BlackElo "2044"]
[PlyCount "40"]
[EventDate "2009.05.02"]
[EventType "tourn"]
[EventRounds "9"]
[EventCountry "HUN"]
[SourceTitle "CBM 130 Extra"]
[Source "ChessBase"]
[SourceDate "2009.07.02"]
[SourceVersion "2"]
[SourceVersionDate "2009.07.15"]
[SourceQuality "1"]

1. d4 f5 2. e4 fxe4 3. Nc3 Nf6 4. Bg5 Nc6 5. h4 d6 6. Be2 d5 7. Nh3 Bxh3 8. Rxh3 e6 9. Bh5+ g6 10. Bg4 h6 11. Be3 Nxg4 12. Qxg4 Qf6 13. 0-0-0 0-0-0 14. Bg5 hxg5 15. hxg5 Qg7 16. Qxe6+ Kb8 17. Rxh8 Qxh8 18. Ne2 Qh5 19. Nf4 Qxg5 20. g3 Bd6 0-1